Invertir en los refugiados: la creación de capital humano/
El artículo "Invertir en los refugiados: la creación de capital humano" destaca la importancia de invertir en los refugiados para fomentar su desarrollo y empoderamiento. Se aborda el tema de cómo la inversión en capital humano, a través de la educación y el desarrollo de habilidades, pued...
Salvato in:
| Autore principale: | |
|---|---|
| Natura: | Libro |
| Lingua: | Spanish |
| Pubblicazione: |
Alicante, España:
RMF
2018
|
| Soggetti: | |
| Tags: |
Aggiungi Tag
Nessun Tag, puoi essere il primo ad aggiungerne!!
|
MARC
| LEADER | 00000nam a22000007a 4500 | ||
|---|---|---|---|
| 003 | cru CIDCACS/IIS | ||
| 005 | 20230902212533.0 | ||
| 008 | 230829b2018 es ||||| |||| 00| 0 spa d | ||
| 022 | |a 1460-9819 | ||
| 040 | |a cru CIDCACS/IIS |c cru CIDCACS/IIS | ||
| 100 | 1 | |9 11685 |a Mottaghi, Lili | |
| 245 | |a Invertir en los refugiados: |b la creación de capital humano/ |c Lili Mottaghi | ||
| 260 | |a Alicante, España: |b RMF |c 2018 | ||
| 300 | |a 34-35 páginas | ||
| 520 | |a El artículo "Invertir en los refugiados: la creación de capital humano" destaca la importancia de invertir en los refugiados para fomentar su desarrollo y empoderamiento. Se aborda el tema de cómo la inversión en capital humano, a través de la educación y el desarrollo de habilidades, puede contribuir a la integración de los refugiados y a su capacidad para contribuir al desarrollo de las comunidades de acogida. También se analizan los desafíos y las oportunidades asociadas con esta inversión. RAR 03/2023 | ||
| 650 | 0 | |9 36 |a MIGRANTES | |
| 650 | 0 | |9 4386 |a NIVELES DE ENSEÑANZA | |
| 650 | 0 | |9 10568 |a COMPETENCIAS | |
| 650 | 0 | |9 3413 |a CAPITAL HUMANO | |
| 773 | 0 | |0 19267 |9 2442 |a Centro de Estudios sobre Refugiados |d Universidad de Oxford ; Centro de Estudios sobre Refugiados |o 18968 |t Migraciones Forzadas: |x 14609819 | |
| 942 | |2 z |c PP | ||
| 999 | |c 45223 |d 45223 | ||
